La sociedad de la información versus la escuela analógica, o lo necesario de las narraciones audiovisuales (Record no. 659616)
[ view plain ]
| 000 -CABECERA | |
|---|---|
| Campo de control de longitud fija | 00563nab a2200145Ia 4500 |
| 003 - IDENTIFICADOR DEL NÚMERO DE CONTROL | |
| Campo de control | ES-SlBCS |
| 005 - FECHA Y HORA DE LA ÚLTIMA TRANSACCIÓN | |
| Campo de control | 20210601141351.0 |
| 008 - CÓDIGOS DE INFORMACIÓN DE LONGITUD FIJA | |
| Campo de control de longitud fija | 140529s2009 xxu||||| |||| 00| 0 spa d |
| 041 ## - CÓDIGO DE LENGUA | |
| Código de lengua del texto/banda sonora o título independiente | spa |
| 100 1# - PUNTO DE ACCESO PRINCIPAL-NOMBRE DE PERSONA | |
| Nombre de persona | García-Vera, Antonio Bautista |
| 9 (RLIN) | 255329 |
| 245 00 - MENCIÓN DE TÍTULO | |
| Título | La sociedad de la información versus la escuela analógica, o lo necesario de las narraciones audiovisuales |
| Mención de responsabilidad, etc. | Antonio Bautista García-Vera |
| 650 04 - PUNTO DE ACCESO ADICIONAL DE MATERIA-TÉRMINO DE MATERIA | |
| Término de materia o nombre geográfico como elemento inicial | Sociedad de la Información |
| 9 (RLIN) | 116446 |
| 773 0# - ENLACE AL DOCUMENTO FUENTE | |
| Título | Educatio Siglo XXI (Antes Anales de Pedagogía) |
| Parte(s) relacionada(s) | nº. 27, 2009, págs. 43-52 |
| Número de control del registro relacionado | EduSi |
| 942 ## - ENTRADA DE ELEMENTOS AGREGADOS (KOHA) | |
| Koha [por defecto] tipo de item | Artículos de revista |
| Suprimido | Perdido | Estropeado | No para préstamo | Localización permanente | Localización actual | Localización en estantería | Fecha adquisición | Préstamos totales | Fecha última consulta | Fecha del precio de reemplazo | Tipo de item de Koha |
|---|---|---|---|---|---|---|---|---|---|---|---|
| San Esteban | San Esteban | Depósito de revistas | 11/07/2014 | 11/07/2014 | 11/07/2014 | Artículos de revista |
